000 00942 a2200193 4500
005 2011071208118.0
008 110712t xxu||||| |||| 00| 0 eng d
080 _a535
_bVER
100 _aVerbiest, Thierry
_916444
245 _aSecond-order nonlinear optical characterization techniques
_ban introduction
_cThierry Verbiest, Koen Clays and Vincent Rodriguez
300 _axiii, 185p.
653 _aMaterials-Optical properties
_aMaterials-Analysis--Technique
_aSurfaces (Technology)--Analysis--Technique
_aMolecular structure--Optical aspects
_aOptical measurements--Technique
_aNonlinear optics
_aSecond harmonic generation
700 _aClays, Koen
_916442
700 _aRodriguez, Vincent
_916443
942 _cBK
260 _aBoca Ration
_bCRC
_c2009
_913887
020 _a9781420070712
952 _w2010-11-02
_p00064654
_v5270.00
_r2012-09-03
_40
_e66
_00
_bUL
_10
_o535 VER
_d2010-11-02
_70
_cGEN
_2udc
_g4216.00
_yBK
_s2012-04-19
_l1
_aUL
999 _c67437
_d67436